| 000 | 00714nam a2200241 a 4500 | ||
|---|---|---|---|
| 003 | DO-SdBNP | ||
| 005 | 20220615115954.0 | ||
| 007 | ta | ||
| 008 | 220615b2017 dr a|||gr|||| 00| jdspa d | ||
| 020 | _a9789945902426 | ||
| 040 |
_aDO-SdBNP _bspa _cBNPHU |
||
| 082 | 4 |
_222 _bB142h |
|
| 100 | 1 |
_964872 _aBáez, Elsa |
|
| 245 | 1 | 0 |
_aHistorias de cicatrices. / _cElsa Báez |
| 260 |
_asanto Domingo : _bPoetas de la Era, _c2017 |
||
| 300 |
_a108 p. : _bil., ; _c22 cm. |
||
| 500 | _aIncluye datos biográficos de la autora en la solapa de la cubierta. | ||
| 590 | _aInventariado 2022 / MF | ||
| 650 |
_978180 _aLiteratura dominicana |
||
| 650 | 4 |
_926903 _aCuento Dominicano |
|
| 910 | _aMFeliz | ||
| 942 |
_2ddc _cLBS1 |
||
| 999 |
_c52050 _d52050 |
||